Aspects of Malaysian magic

Bibliographic Details
Main Author: Shaw, William , 1925- (Author)
Format: Book
Published: Kuala Lumpur : Muzium Negara , 1975

MARC

LEADER 00000cam a2200000 7i4500
001 0000030769
005 20140406093000.0
008 021119s1975
090 0 0 |a BF1584.M3   |b S52 1975 
100 0 |a Shaw, William ,   |d 1925- ,   |e author 
245 0 0 |a Aspects of Malaysian magic   |c William Shaw 
260 2 |a Kuala Lumpur :   |b Muzium Negara ,   |c 1975 
300 |a vii, 270 p. ;   |c 26 cm. 
999 |a 1000057641   |b Book   |c OPEN SHELF (30 DAYS)   |e Gong Badak Campus 
999 |a 1000057642   |b Book   |c OPEN SHELF (30 DAYS)   |e Gong Badak Campus